000 00510nab a2200145Ia 4500
003 ES-SlBCS
005 20210601124114.0
008 140529s1973 xxu||||| |||| 00| 0 eng d
041 _aeng
100 1 _aCunningham, Frank
_9135389
245 0 0 _aPractice and Some Muddles about the Methodology of Historical Materialism
_c Frank Cunningham
650 0 4 _aMetodología de Materialismo Histórico
_9135390
773 0 _tCanadian Journal of Philosophy
_gvol. 3, nº. 1-4, 1973, págs. 235-248
_wRev1390
942 _cAR
999 _c509407
_d509407